00537nam a2200193Ia 4500003000400000005001700004008004100021020002200062040000700084041000800091082002100099100004300120245008800163250000600251260003700257300001400294365001600308650001900324OSt20230324133231.0210423s2007 xx 000 0 und d a978-0-393-92600-2 cAL aeng a821.8 223bLOUN aLOUCKS (James F);STAUFFER (Andrew) Eds aNorton critical edition: Robert Brownings poetry authoritative texts criticism Ed 2 a2 aNew YorkbW W Norton & Co.c2007 ax,689bPB b1489.5cUSD aEnglish Poetry